000
00212 a2200097 4500
001
26063
100
_a
Gil
245
_a
Electrical principles of electronics
260
_a
_b
McGraw-Hill
_c
090
_c
17626
_d
17626
942
_a
NUST-CAE
_c
M
_c
8476
999
_c
261136
_d
261136